| 000 | 01489cam a2200361 a 4500 | ||
|---|---|---|---|
| 001 | 3987 | ||
| 003 | FISKH | ||
| 005 | 20250820083052.0 | ||
| 008 | 020724s2004 maua b 000 1 eng | ||
| 010 | _a 2002074168 | ||
| 020 | _a0763611077 (alk. paper) | ||
| 020 | _a9780763627959 | ||
| 040 |
_aDLC _cDLC _dDLC _beng |
||
| 042 | _alcac | ||
| 050 | 0 | 0 |
_aPZ7.F59918 _bSi 2004 |
| 082 | 0 | 0 |
_a[E] _221 |
| 100 | 1 | _aFleischman, Paul. | |
| 245 | 1 | 0 |
_aSidewalk circus / _cpresented by Paul Fleischman and Kevin Hawkes. |
| 260 |
_aCambridge, MA. : _bCandlewick Press, _c2004. |
||
| 300 |
_a32 unnumbered pages : _bcolor illustrations. ; _c26 cm. |
||
| 520 | _aA young girl watches as the activities across the street from her bus stop become a circus. A wordless picture book that shows the transformative power of imagination. | ||
| 521 | 8 |
_a10
_bLexile |
|
| 521 | 8 |
_aA _bRaz-Plus |
|
| 650 | 1 |
_aCity and town life _vFiction. |
|
| 650 | 1 |
_aCircus _vFiction. |
|
| 650 | 1 | _aStories without words. | |
| 700 | 1 |
_aHawkes, Kevin, _eill. |
|
| 856 | 4 | 2 |
_3Contributor biographical information _uhttp://www.loc.gov/catdir/enhancements/fy0613/2002074168-b.html |
| 856 | 4 | 2 |
_3Publisher description _uhttp://www.loc.gov/catdir/enhancements/fy0613/2002074168-d.html |
| 906 |
_a7 _bcbc _corignew _d1 _eocip _f20 _gy-gencatlg |
||
| 942 |
_2ddc _cBK _n0 |
||
| 999 |
_c3987 _d3987 |
||